| 000 | 01325cam a2200409 a 4500 | ||
|---|---|---|---|
| 001 | 22760 | ||
| 003 | SK-KTurca | ||
| 005 | 20260423104235.0 | ||
| 008 | 170904s2016 xo a j 000 1dslo d | ||
| 015 | _aSNBA2017/02 | ||
| 020 | _a9788081541865 (viaz.) | ||
| 035 | _aa000591268 | ||
| 040 |
_aZKSE _bslo _cUKB _dSNK _eAACR2 |
||
| 041 | 0 | _aslo | |
| 044 |
_axo _cSK |
||
| 072 | 7 |
_a821.162.4-3 _xSlovenská próza _2konspekt |
|
| 072 | 7 |
_a821-93 _xLiteratúra pre deti a mládež (beletria) _2konspekt |
|
| 080 |
_a821.162.4-34 _22004 |
||
| 080 |
_a821-93 _22004 |
||
| 080 |
_a(0:82-34) _22004 |
||
| 080 |
_a(0:82-146) _22004 |
||
| 100 | 1 |
_aKuglerová, Zuzana, _d1955- |
|
| 245 | 1 | 0 |
_aVeľká kniha slovenských povestí _p(Kelti, Rimania, Slovania, Avari, Tatári, Turci) _n1. diel _cZuzana Kuglerová ; [ilustroval Ivan Pavlisko] |
| 246 | 3 | 0 | _aKelti, Rimania, Slovania, Avari, Tatári, Turci |
| 260 |
_aŽilina _bGeorg _c2016 |
||
| 300 |
_a110 s. _bil. |
||
| 530 | _aDostupný aj zvukový záznam | ||
| 653 | _a821.162.4-34 | ||
| 653 | _a(0:82-34) | ||
| 653 | _a821-93 | ||
| 653 | _a(0:82-146) | ||
| 655 | 7 |
_aslovenské povesti _2UKBPH |
|
| 655 | 7 |
_apublikácie pre deti _2UKBPH |
|
| 700 | 1 |
_aPavlisko, Ivan _4ill |
|
| 776 | 0 |
_tVeľká kniha slovenských povestí _i[zvukový záznam] |
|
| 942 |
_2ddc _cKLDE _n0 |
||
| 999 |
_c22760 _d22760 |
||